[Event "OLSW 1819 Gambit Saarbrücken - SC Turm "]
[Site "?"]
[Date "2018.10.21"]
[Round "1.5"]
[White "Sahm, Philipp"]
[Black "Vogel, Christian"]
[Result "0-1"]
[WhiteElo "2066"]
[BlackElo "2191"]
[PlyCount "142"]
[EventDate "2018.??.??"]

1. Nc3 d5 2. d4 c6 3. Bg5 Qb6 4. Qd2 Nd7 5. e4 dxe4 6. d5 Ngf6 7. Bc4 cxd5 8.
Bxd5 e6 9. Bb3 Bb4 10. Nge2 O-O 11. O-O-O a5 12. Qf4 e5 13. Qh4 Qc6 14. Ba4 Qa6
15. a3 Bxc3 16. Nxc3 Nc5 17. Bb5 Qe6 18. Rhe1 Qg4 19. Bxf6 gxf6 20. Qxg4+ Bxg4
21. Rd5 Rac8 22. Nxe4 Nxe4 23. Rxe4 Be6 24. Rd6 Rc5 25. a4 Rfc8 26. c3 Kf8 27.
Rh4 Kg7 28. Rd3 Bf5 29. Rg3+ Kf8 30. Bd3 Bg6 31. Bxg6 hxg6 32. Rh8+ Ke7 33.
Rxc8 Rxc8 34. Rd3 Ke6 35. Kd2 f5 36. b3 Rh8 37. h3 f4 38. Ke2 f5 39. c4 Rc8 40.
Rd5 b6 41. f3 Rc5 42. Rd8 Rc6 43. Rd5 Rd6 44. Rb5 e4 45. c5 bxc5 46. Rxc5 Rb6
47. Rxa5 Rxb3 48. Ra6+ Ke5 49. Rxg6 Rb2+ 50. Kd1 Ra2 51. h4 Rxa4 52. h5 Kd4 53.
h6 Kd3 54. Rd6+ Ke3 55. h7 Ra1+ 56. Kc2 Rh1 57. Rf6 Rxh7 58. Rxf5 exf3 59. gxf3
Rd7 60. Rf6 Kxf3 61. Rf8 Ke3 62. Re8+ Kf2 63. Rf8 f3 64. Rf6 Rd5 65. Rf8 Kg2
66. Rg8+ Kf1 67. Rf8 f2 68. Rf6 Kg2 69. Rg6+ Kf3 70. Rf6+ Kg3 71. Rg6+ Kf4 0-1

[Event "OLSW 1819 Gambit Saarbrücken - SC Turm "]
[Site "?"]
[Date "2018.10.21"]
[Round "1.6"]
[White "Haenssel, Christian"]
[Black "Robert, Josef"]
[Result "1/2-1/2"]
[WhiteElo "2106"]
[BlackElo "1938"]
[PlyCount "71"]
[EventDate "2018.??.??"]

1. c4 e5 2. g3 Nf6 3. Bg2 Nc6 4. Nc3 Bc5 5. e3 a5 6. Nge2 d6 7. O-O O-O 8. b3
Bf5 9. a3 Qd7 10. Bb2 Bh3 11. Nd5 Nxd5 12. Bxh3 Qxh3 13. cxd5 Ne7 14. d4 exd4
15. Bxd4 Bxd4 16. Qxd4 Qf5 17. Nf4 Rfd8 18. e4 Qe5 19. Rfd1 Qxd4 20. Rxd4 Rd7
21. Rc1 Kf8 22. Rdc4 c6 23. dxc6 bxc6 24. Rd1 Rb8 25. Rd3 Rb5 26. Ne2 c5 27. a4
Rbb7 28. e5 dxe5 29. Rxd7 Rxd7 30. Rxc5 Rd5 31. Rc7 Rd3 32. Rc5 Rd5 33. Rc7 Rd3
34. Ra7 f6 35. Rxa5 Rxb3 36. Rc5 1/2-1/2

[Event "OLSW 1819 Gambit Saarbrücken - SC Turm "]
[Site "?"]
[Date "2018.10.21"]
[Round "1.7"]
[White "Schuetz, Thomas"]
[Black "Pryvalov, Ivan"]
[Result "0-1"]
[WhiteElo "1905"]
[BlackElo "2003"]
[PlyCount "62"]
[EventDate "2018.??.??"]

1. d4 d5 2. Nf3 Nf6 3. Bf4 c5 4. e3 Nc6 5. c3 Qb6 6. b3 Bf5 7. Bd3 Bxd3 8. Qxd3
e6 9. O-O Be7 10. Nbd2 O-O 11. h3 Rad8 12. Rfe1 Rd7 13. Be5 Nxe5 14. Nxe5 Rc7
15. f4 Rfc8 16. c4 g6 17. g4 Rd8 18. g5 Ne4 19. Ndf3 Ng3 20. Kh2 Nf5 21. cxd5
exd5 22. h4 cxd4 23. exd4 Rdc8 24. Rad1 Rc3 25. Qe2 Rc2 26. Rd2 Rxd2 27. Qxd2
Bb4 28. Rc1 Bxd2 29. Rxc8+ Kg7 30. Nd7 Bxf4+ 31. Kh1 Qb5 0-1

[Event "OLSW 1819 SK Frankenthal - SC Heimbach-"]
[Site "?"]
[Date "2018.10.21"]
[Round "1.1"]
[White "Winterberg, Lukas"]
[Black "Syrov, Arkadi"]
[Result "1-0"]
[WhiteElo "2373"]
[BlackElo "2260"]
[PlyCount "65"]
[EventDate "2018.??.??"]

1. d4 Nf6 2. c4 e6 3. Nf3 d5 4. Nc3 c5 5. cxd5 Nxd5 6. e4 Nxc3 7. bxc3 cxd4 8.
cxd4 Bb4+ 9. Bd2 Bxd2+ 10. Qxd2 O-O 11. Bb5 b6 12. O-O Bb7 13. Rfe1 Nd7 14. Qf4
Rc8 15. Rad1 Qf6 16. Qd6 Nb8 17. Qa3 a6 18. Bd3 b5 19. d5 Rc3 20. Qb4 Rfc8 21.
a4 exd5 22. e5 Qb6 23. e6 R3c7 24. a5 Qc5 25. Bxh7+ Kxh7 26. Qh4+ Kg8 27. Ng5
Qc2 28. Rc1 Qg6 29. Rxc7 Rxc7 30. exf7+ Rxf7 31. Qh8+ Kxh8 32. Re8+ Rf8 33.
Rxf8# 1-0

[Event "OLSW 1819 SK Frankenthal - SC Heimbach-"]
[Site "?"]
[Date "2018.10.21"]
[Round "1.2"]
[White "Neuberger, Guido"]
[Black "Boidman, Yuri"]
[Result "1-0"]
[WhiteElo "2261"]
[BlackElo "2358"]
[PlyCount "57"]
[EventDate "2018.??.??"]

1. d4 d6 2. Nf3 Nf6 3. Bf4 g6 4. e3 Bg7 5. Be2 O-O 6. O-O Nh5 7. Bg5 h6 8. Bh4
g5 9. Nfd2 gxh4 10. Bxh5 h3 11. g3 e5 12. dxe5 Nc6 13. f4 dxe5 14. f5 Qd5 15.
Qe2 Rd8 16. Bf3 Qd7 17. Be4 Nb4 18. Nc3 c6 19. f6 Bxf6 20. Rxf6 Qxd2 21. Qh5
Qxe3+ 22. Kh1 Rd7 23. Rg6+ Kf8 24. Rf1 Re7 25. Rxh6 Ke8 26. Rd6 Rd7 27. Qh8+
Ke7 28. Qf6+ Ke8 29. Re6+ 1-0

[Event "OLSW 1819 SK Frankenthal - SC Heimbach-"]
[Site "?"]
[Date "2018.10.21"]
[Round "1.3"]
[White "Schulz, Klaus-Juergen"]
[Black "Fulea, Dan"]
[Result "0-1"]
[WhiteElo "2339"]
[BlackElo "2193"]
[PlyCount "88"]
[EventDate "2018.??.??"]

1. e4 c5 2. Nf3 d6 3. c3 Nf6 4. d3 g6 5. g3 Bg7 6. Bg2 O-O 7. O-O Nc6 8. Re1
Re8 9. h3 Bd7 10. a4 Rb8 11. d4 cxd4 12. Nxd4 a6 13. Be3 Qc8 14. Kh2 b5 15.
axb5 Nxd4 16. cxd4 Rxb5 17. Re2 Rh5 18. f3 Bxh3 19. Kg1 Bxg2 20. Rxg2 Qh3 21.
Kf2 Rb8 22. Ra2 Rhb5 23. Qd2 Qc8 24. Nc3 Rb3 25. Kg1 Qc4 26. Kh2 Nd7 27. Qd1 e5
28. d5 Nc5 29. Bxc5 Qxc5 30. Rc2 Qe3 31. Kg2 Bh6 32. Qf1 a5 33. Nd1 Qd4 34.
Rxa5 Rd3 35. Nf2 Rd2 36. Rxd2 Qxd2 37. Rb5 Rxb5 38. Qxb5 Be3 39. Qf1 Qxb2 40.
Qe1 Qxf2+ 41. Qxf2 Bxf2 42. Kxf2 h5 43. f4 f6 44. Kg2 g5 0-1

[Event "OLSW 1819 SK Frankenthal - SC Heimbach-"]
[Site "?"]
[Date "2018.10.21"]
[Round "1.4"]
[White "Geyer, Bernhard"]
[Black "Puth, Dieter"]
[Result "1-0"]
[WhiteElo "2173"]
[BlackElo "2228"]
[PlyCount "89"]
[EventDate "2018.??.??"]

1. e4 e5 2. Nc3 Nf6 3. g3 d5 4. exd5 Nxd5 5. Bg2 Be6 6. Nf3 Nc6 7. O-O Qd7 8.
Re1 Nxc3 9. bxc3 Bd6 10. d4 exd4 11. cxd4 Be7 12. c3 O-O 13. Bf4 Rad8 14. Qd3
h6 15. a4 b6 16. Qb5 Rfe8 17. Rad1 Bd5 18. Be5 a6 19. Qxa6 Ra8 20. Qd3 Rxa4 21.
Bf4 Qc8 22. Nd2 Bxg2 23. Kxg2 Qd7 24. d5 Raa8 25. Qb5 Ne5 26. Qxd7 Nxd7 27.
Bxc7 Bc5 28. Ne4 Bf8 29. Nd6 Rxe1 30. Rxe1 Ra7 31. Nb5 Ra5 32. c4 Ra4 33. Rc1
Bc5 34. Rc2 f6 35. Bd6 g6 36. f4 Kf7 37. Re2 Bxd6 38. Nxd6+ Kg8 39. Re8+ Nf8
40. Rb8 Ra2+ 41. Kf3 Rb2 42. c5 Rb3+ 43. Ke2 Rb2+ 44. Kd3 Rxh2 45. c6 1-0

[Event "OLSW 1819 SK Frankenthal - SC Heimbach-"]
[Site "?"]
[Date "2018.10.21"]
[Round "1.5"]
[White "Ronge, Tim Hendrick"]
[Black "Syska, Albert"]
[Result "1/2-1/2"]
[WhiteElo "2108"]
[BlackElo "2217"]
[PlyCount "40"]
[EventDate "2018.??.??"]

1. d4 Nf6 2. c4 c5 3. d5 e5 4. Nc3 d6 5. e4 a6 6. a4 b6 7. Bd3 Be7 8. Nge2 O-O
9. Ng3 Ne8 10. Nf5 Bg5 11. Bxg5 Qxg5 12. h4 Qd8 13. g4 Ra7 14. f3 Nd7 15. Qd2
Kh8 16. Kf2 Ndf6 17. Rag1 Ng8 18. h5 g5 19. Rb1 a5 20. Nb5 Ra8 1/2-1/2

[Event "OLSW 1819 SK Frankenthal - SC Heimbach-"]
[Site "?"]
[Date "2018.10.21"]
[Round "1.6"]
[White "Kargoll, Peter"]
[Black "Roos, Thomas"]
[Result "1/2-1/2"]
[WhiteElo "2164"]
[BlackElo "2142"]
[PlyCount "53"]
[EventDate "2018.??.??"]

1. d4 Nf6 2. Nf3 d6 3. c4 Nbd7 4. Nc3 e5 5. e4 Be7 6. Be2 O-O 7. O-O c6 8. Be3
a6 9. d5 cxd5 10. cxd5 b5 11. Nd2 Nxe4 12. Ncxe4 f5 13. a4 bxa4 14. Rxa4 f4 15.
Nc4 fxe3 16. Nxe3 Nb6 17. Ra5 Rf4 18. f3 Nd7 19. Ra3 Qb6 20. g3 Rf8 21. Rb3 Qa7
22. Kg2 Nc5 23. Nxc5 Qxc5 24. Rc3 Qb4 25. Qc2 Rb8 26. Nd1 Bf5 27. Bd3 1/2-1/2

[Event "OLSW 1819 SK Frankenthal - SC Heimbach-"]
[Site "?"]
[Date "2018.10.21"]
[Round "1.7"]
[White "Fink, Christian"]
[Black "Kuehn, Bernd"]
[Result "1-0"]
[WhiteElo "2136"]
[BlackElo "2032"]
[PlyCount "109"]
[EventDate "2018.??.??"]

1. e4 d6 2. d4 Nf6 3. Nc3 Nbd7 4. Bg5 e5 5. Nf3 Be7 6. Bc4 c6 7. a4 O-O 8. Bb3
exd4 9. Qxd4 Nc5 10. O-O Nxb3 11. cxb3 Be6 12. b4 d5 13. e5 Nd7 14. Bxe7 Qxe7
15. Rac1 f6 16. exf6 Qxf6 17. Rfe1 Rfe8 18. Re3 Qxd4 19. Nxd4 Bf7 20. Rce1 g6
21. a5 a6 22. Na4 Kf8 23. Nb3 Rxe3 24. Rxe3 Rc8 25. Kf1 Rc7 26. Ke2 Nf6 27.
Nac5 Ne8 28. Nd4 Kg8 29. Nce6 Bxe6 30. Rxe6 Kf7 31. Kd3 Nf6 32. Re3 Ne8 33. Ne6
Rd7 34. Ng5+ Kf8 35. Rf3+ Kg8 36. Ne6 Rf7 37. Rxf7 Kxf7 38. Nd8+ Ke7 39. Nxb7
Nc7 40. Kd4 Ne6+ 41. Ke5 Kd7 42. Nc5+ Nxc5 43. bxc5 Ke7 44. f4 h5 45. g3 Kf7
46. b4 Ke7 47. h3 Kd7 48. g4 hxg4 49. hxg4 Ke7 50. f5 gxf5 51. gxf5 Kf7 52. b5
d4 53. Kxd4 cxb5 54. c6 Ke7 55. f6+ 1-0

[Event "OLSW 1819 SK Frankenthal - SC Heimbach-"]
[Site "?"]
[Date "2018.10.21"]
[Round "1.8"]
[White "Tresch, Lukas"]
[Black "Jahn, Peter"]
[Result "0-1"]
[WhiteElo "2037"]
[BlackElo "2050"]
[PlyCount "80"]
[EventDate "2018.??.??"]

1. e4 e6 2. d4 d5 3. Nd2 Nf6 4. e5 Nfd7 5. Bd3 c5 6. c3 Nc6 7. Ne2 cxd4 8. cxd4
f6 9. exf6 Qxf6 10. Nf3 h6 11. O-O Bd6 12. Be3 O-O 13. Rc1 a6 14. Bb1 Rf7 15.
Ng3 Nf8 16. Qd3 Rc7 17. a3 Bd7 18. Qd2 Be8 19. Rfe1 Rac8 20. Ba2 Bg6 21. Red1
b5 22. Ne1 Nd7 23. Ne2 Nb6 24. Nd3 Nc4 25. Bxc4 bxc4 26. Ndf4 Bh7 27. Re1 Rb7
28. h3 Rcb8 29. b4 a5 30. bxa5 Rb2 31. Qd1 R8b3 32. Nh5 Qf7 33. Bf4 Bxa3 34.
Neg3 Bg6 35. Qg4 Nxd4 36. Nxg7 Bd6 37. Nxe6 Nxe6 38. Rxe6 Bxf4 39. Rxg6+ Kh7
40. Rb6 Bxc1 0-1

[Event "OLSW 1819 SC Heimbach-Weis-Neuwied - SK"]
[Site "?"]
[Date "2018.11.11"]
[Round "2.1"]
[White "Muranyi, Karl-Jasmin"]
[Black "Winterberg, Lukas"]
[Result "0-1"]
[WhiteElo "2334"]
[BlackElo "2377"]
[PlyCount "72"]
[EventDate "2018.??.??"]

1. e4 c6 2. d4 d5 3. exd5 cxd5 4. Bd3 Nc6 5. c3 Nf6 6. Bf4 Bg4 7. Ne2 e6 8. h3
Bh5 9. Nd2 Bd6 10. Bxd6 Qxd6 11. O-O O-O 12. f4 Bg6 13. Nf3 Bxd3 14. Qxd3 Ne4
15. Nd2 f5 16. Nf3 b5 17. Ne5 Rfb8 18. Rac1 a5 19. Kh2 b4 20. c4 Nxe5 21. dxe5
Qa6 22. b3 Rc8 23. g4 dxc4 24. bxc4 Rd8 25. Qe3 Qa7 26. c5 a4 27. Nd4 Qd7 28.
Rfd1 Qd5 29. gxf5 exf5 30. Nxf5 Qxa2+ 31. Kg1 Nc3 32. Re1 Rf8 33. Nd6 Nd5 34.
Re2 Nxe3 35. Rxa2 b3 36. Ra3 Nc2 0-1

[Event "OLSW 1819 SC Heimbach-Weis-Neuwied - SK"]
[Site "?"]
[Date "2018.11.11"]
[Round "2.2"]
[White "Boidman, Yuri"]
[Black "Baerwinkel, Tobias"]
[Result "0-1"]
[WhiteElo "2348"]
[BlackElo "2351"]
[PlyCount "84"]
[EventDate "2018.??.??"]

1. e4 c5 2. Nf3 d6 3. d4 cxd4 4. Qxd4 Nf6 5. e5 Nc6 6. Bb5 Qa5+ 7. Nc3 Qxb5 8.
Nxb5 Nxd4 9. Nbxd4 dxe5 10. Nxe5 g6 11. Nb5 Nd5 12. c4 a6 13. cxd5 axb5 14. O-O
Bg7 15. f4 Bf5 16. Be3 O-O 17. Rfd1 Rfc8 18. Rd2 Ra4 19. b3 Re4 20. Kf2 g5 21.
g3 h6 22. h4 gxf4 23. gxf4 Rc3 24. Re1 Bf6 25. Nf3 Kf8 26. d6 exd6 27. Rxd6 Be7
28. Rd5 Bg4 29. Rxb5 Rxf4 30. Kg1 Rxf3 31. Bxh6+ Ke8 32. Rxb7 Rg3+ 33. Kh2 Rh3+
34. Kg1 Be6 35. Bf4 Bxh4 36. Re2 Bf6 37. Rg2 Rh8 38. Re2 Rh4 39. Rb8+ Ke7 40.
Bd2 Bd4+ 41. Kf1 Rh1+ 42. Kg2 Rg1+ 0-1

[Event "OLSW 1819 SC Heimbach-Weis-Neuwied - SK"]
[Site "?"]
[Date "2018.11.11"]
[Round "2.3"]
[White "Silber, Henning"]
[Black "Schulz, Klaus-Juergen"]
[Result "1/2-1/2"]
[WhiteElo "2322"]
[BlackElo "2332"]
[PlyCount "33"]
[EventDate "2018.??.??"]

1. e4 e5 2. Nf3 Nc6 3. d4 exd4 4. Nxd4 Bc5 5. Be3 Qf6 6. c3 Qg6 7. Nd2 Nf6 8.
Qf3 Ng4 9. Nb5 Nxe3 10. fxe3 Ne5 11. Qf4 Bd6 12. Nxd6+ Qxd6 13. Nc4 Nxc4 14.
Bxc4 Qxf4 15. exf4 d6 16. O-O-O Be6 17. Bxe6 1/2-1/2

[Event "OLSW 1819 SC Heimbach-Weis-Neuwied - SK"]
[Site "?"]
[Date "2018.11.11"]
[Round "2.4"]
[White "Puth, Dieter"]
[Black "Lang, Torsten"]
[Result "0-1"]
[WhiteElo "2214"]
[BlackElo "2317"]
[PlyCount "80"]
[EventDate "2018.??.??"]

1. d4 g6 2. c4 Bg7 3. Nc3 Nf6 4. e4 d6 5. Nf3 O-O 6. Be2 e5 7. O-O exd4 8. Nxd4
Re8 9. f3 c6 10. Kh1 Nbd7 11. Bg5 Qa5 12. Bf4 Ne5 13. Nb3 Qc7 14. Rc1 Nh5 15.
Be3 Be6 16. Nd5 Qd8 17. Nf4 Nxf4 18. Bxf4 c5 19. Qd2 Qe7 20. Bg5 f6 21. Bh4
Rad8 22. Rfd1 Qf7 23. Qc3 Rd7 24. Nd2 f5 25. Qc2 Nc6 26. b3 Be5 27. a3 Qg7 28.
Bf2 Bb2 29. Rb1 Bxa3 30. Ra1 Bb2 31. Ra4 a6 32. Qb1 Be5 33. g3 Rf7 34. f4 Bd4
35. Bxd4 Nxd4 36. Bd3 Bd7 37. Ra2 Bc6 38. Re1 Rfe7 39. Kg1 g5 40. Kf2 Qh6 0-1

[Event "OLSW 1819 SC Heimbach-Weis-Neuwied - SK"]
[Site "?"]
[Date "2018.11.11"]
[Round "2.5"]
[White "Bruch, Jochen"]
[Black "Ronge, Tim Hendrick"]
[Result "0-1"]
[WhiteElo "2222"]
[BlackElo "2114"]
[PlyCount "98"]
[EventDate "2018.??.??"]

1. Nf3 c5 2. g3 Nc6 3. Bg2 d5 4. O-O e5 5. d3 Be7 6. Nbd2 h5 7. e4 d4 8. Nc4
Qc7 9. h4 Bg4 10. Qd2 Nf6 11. Nh2 Be6 12. f3 b5 13. Na3 a6 14. Qf2 Nd7 15. f4
f6 16. c3 b4 17. Nb1 c4 18. f5 Bf7 19. Qe2 bxc3 20. bxc3 dxc3 21. Nxc3 Nd4 22.
Qd1 cxd3 23. Bd2 Bb4 24. Na4 Bxd2 25. Qxd2 Qc2 26. Qxc2 Nxc2 27. Rac1 Bxa2 28.
Rfd1 Bb3 29. Nb2 Nd4 30. Nxd3 Bxd1 31. Rxd1 Ke7 32. Nb4 Rhb8 33. Nd5+ Kf8 34.
Nf3 a5 35. Nxd4 exd4 36. Nc7 Ra7 37. Ne6+ Kg8 38. Nxd4 Ne5 39. Ra1 a4 40. Bf1
Rb4 41. Nb5 Ra5 42. Na3 Rxe4 43. Nc2 Rc5 44. Ra2 Rc3 45. Bg2 Re2 46. Bd5+ Kf8
47. Nb4 Rxg3+ 48. Kf1 Rxa2 49. Nxa2 Rg4 0-1

[Event "OLSW 1819 SC Heimbach-Weis-Neuwied - SK"]
[Site "?"]
[Date "2018.11.11"]
[Round "2.6"]
[White "Roos, Thomas"]
[Black "Leuranguer, Yannick"]
[Result "1/2-1/2"]
[WhiteElo "2145"]
[BlackElo "2259"]
[PlyCount "30"]
[EventDate "2018.??.??"]

1. d4 e6 2. Nf3 d5 3. c4 Nf6 4. g3 Be7 5. Bg2 O-O 6. O-O dxc4 7. Qc2 a6 8. Qxc4
b5 9. Qc2 Bb7 10. Bf4 Nc6 11. Nc3 Nxd4 12. Nxd4 Bxg2 13. Rfd1 Bb7 14. Nxe6 Qc8
15. Nxf8 Qh3 1/2-1/2

[Event "OLSW 1819 SC Heimbach-Weis-Neuwied - SK"]
[Site "?"]
[Date "2018.11.11"]
[Round "2.7"]
[White "Kopp, Bjoern"]
[Black "Jahn, Peter"]
[Result "1-0"]
[WhiteElo "2187"]
[BlackElo "2060"]
[PlyCount "49"]
[EventDate "2018.??.??"]

1. e4 e6 2. d4 d5 3. e5 c5 4. c3 Nc6 5. Nf3 Bd7 6. Bd3 cxd4 7. cxd4 Qb6 8. O-O
Nxd4 9. Nbd2 Bc5 10. b4 Nxf3+ 11. Nxf3 Qxb4 12. Qe2 b6 13. a4 Qg4 14. a5 f5 15.
exf6 gxf6 16. axb6 Bxb6 17. Ba3 Ne7 18. h3 Qg7 19. Bb5 Rg8 20. Nh4 e5 21. Rad1
d4 22. Bxd7+ Kxd7 23. Qb5+ Kd8 24. Bxe7+ Qxe7 25. Qd5+ 1-0

[Event "OLSW 1819 SC Heimbach-Weis-Neuwied - SK"]
[Site "?"]
[Date "2018.11.11"]
[Round "2.8"]
[White "Kertesz, Alfred"]
[Black "Moeldner, Juergen"]
[Result "1/2-1/2"]
[WhiteElo "2242"]
[BlackElo "2216"]
[PlyCount "40"]
[EventDate "2018.??.??"]

1. d4 Nf6 2. c4 c5 3. Nf3 cxd4 4. Nxd4 b6 5. Nc3 Bb7 6. f3 e6 7. e4 d6 8. Be3
a6 9. Qd2 Be7 10. Be2 Nbd7 11. O-O O-O 12. Rfd1 Qc7 13. Rac1 Rfd8 14. Qe1 Rac8
15. Qf2 Qb8 16. Nc2 Ba8 17. Na4 Nc5 18. Nc3 Ncd7 19. Na4 Nc5 20. Nc3 Ncd7
1/2-1/2

[Event "OLSW 1819 SC Turm Winterbach - SK Frank"]
[Site "?"]
[Date "2018.11.11"]
[Round "2.1"]
[White "Syrov, Arkadi"]
[Black "Spengler, Hanno"]
[Result "1-0"]
[WhiteElo "2253"]
[BlackElo "2084"]
[PlyCount "111"]
[EventDate "2018.??.??"]

1. e4 e5 2. Nf3 Nf6 3. d4 Nxe4 4. Bd3 d5 5. Nxe5 Nd7 6. Nc3 Nxe5 7. dxe5 Nc5 8.
Nxd5 Nxd3+ 9. Qxd3 c6 10. Nf4 Qa5+ 11. c3 Qxe5+ 12. Qe3 Bd6 13. O-O O-O 14.
Qxe5 Bxe5 15. Nd3 Bf6 16. Be3 b6 17. Bf4 Re8 18. Rfe1 Rxe1+ 19. Rxe1 Be6 20. a4
h6 21. a5 Rd8 22. Nb4 c5 23. Nc6 Rd7 24. f3 bxa5 25. Nxa5 Bd8 26. Nc6 Bb6 27.
Kf2 g5 28. Be3 Kg7 29. h4 Rd6 30. Ne5 Rd5 31. Nc4 Bd8 32. hxg5 hxg5 33. b3 Be7
34. Ke2 Rd7 35. Nd2 Rb7 36. c4 f5 37. Ra1 f4 38. Bf2 Bf5 39. Ra5 Rc7 40. b4 Bc2
41. Bxc5 Bxc5 42. bxc5 Re7+ 43. Kf2 Bd3 44. c6 Kg6 45. Rc5 Rc7 46. Nb3 Bf5 47.
Nd4 Bc8 48. Nb5 Rh7 49. c7 a6 50. Nd6 Rh8 51. Rc6 Kh5 52. Rb6 Rh7 53. Nxc8 Rxc7
54. Nd6 a5 55. Ra6 Rc5 56. Nf7 1-0

[Event "OLSW 1819 SC Turm Winterbach - SK Frank"]
[Site "?"]
[Date "2018.11.11"]
[Round "2.2"]
[White "Becker, Thomas"]
[Black "Fulea, Dan"]
[Result "1/2-1/2"]
[WhiteElo "2138"]
[BlackElo "2207"]
[PlyCount "90"]
[EventDate "2018.??.??"]

1. e4 c5 2. Nf3 d6 3. d4 cxd4 4. Nxd4 Nf6 5. f3 e5 6. Nb3 d5 7. Bg5 Be6 8. Bxf6
gxf6 9. exd5 Qxd5 10. Qxd5 Bxd5 11. Nc3 Bb4 12. O-O-O Bc6 13. Nd5 Bxd5 14. Rxd5
Nc6 15. c3 Be7 16. Bb5 a6 17. Bd3 Rd8 18. Be4 Rxd5 19. Bxd5 Nd8 20. Na5 b5 21.
b4 Rg8 22. g3 f5 23. Re1 Bd6 24. Nb7 Ke7 25. Rd1 Nxb7 26. Bxb7 Rb8 27. Bd5 Rb6
28. Kb2 Bb8 29. Bb3 h5 30. a4 bxa4 31. Bxa4 a5 32. Rd7+ Ke6 33. Rd8 axb4 34.
Rh8 bxc3+ 35. Kxc3 Bd6 36. Rxh5 e4 37. fxe4 Be5+ 38. Kc4 fxe4 39. Bd7+ Kxd7 40.
Rxe5 Re6 41. Rf5 Ke7 42. Kd4 e3 43. Rf1 Rh6 44. Rh1 e2 45. Kd3 Rxh2 1/2-1/2

[Event "OLSW 1819 SC Turm Winterbach - SK Frank"]
[Site "?"]
[Date "2018.11.11"]
[Round "2.3"]
[White "Geyer, Bernhard"]
[Black "Hermann, Thomas"]
[Result "1-0"]
[WhiteElo "2185"]
[BlackElo "2098"]
[PlyCount "73"]
[EventDate "2018.??.??"]

1. Nf3 c5 2. c4 b6 3. Nc3 Bb7 4. d4 cxd4 5. Nxd4 Nf6 6. Bg5 Ne4 7. Nxe4 Bxe4 8.
f3 Bb7 9. e4 g6 10. Qd2 h6 11. Be3 Bg7 12. Be2 d6 13. O-O Nd7 14. Rac1 Rc8 15.
Rc2 Qc7 16. Rfc1 Qb8 17. b4 h5 18. a4 h4 19. h3 Qa8 20. Nb3 Bc6 21. Ra2 Qb8 22.
a5 f5 23. exf5 gxf5 24. Nd4 Bxd4 25. Bxd4 e5 26. Bc3 f4 27. Qd3 Ke7 28. Qf5
Rcg8 29. axb6 Qxb6+ 30. c5 Nxc5 31. Bd4 exd4 32. bxc5 dxc5 33. Ra6 Qb2 34.
Qxc5+ Kd8 35. Qd6+ Bd7 36. Qf6+ Ke8 37. Re6+ 1-0

[Event "OLSW 1819 SC Turm Winterbach - SK Frank"]
[Site "?"]
[Date "2018.11.11"]
[Round "2.4"]
[White "Hell, Manfred"]
[Black "Braun, Peter"]
[Result "1/2-1/2"]
[WhiteElo "2138"]
[BlackElo "2234"]
[PlyCount "93"]
[EventDate "2018.??.??"]

1. d4 Nf6 2. Nf3 e6 3. c4 b6 4. Nc3 Bb7 5. Qc2 Bb4 6. Bg5 h6 7. Bh4 O-O 8.
O-O-O Bxc3 9. Qxc3 d6 10. g4 Nbd7 11. Bg2 Qc8 12. Rdg1 c5 13. g5 Ne4 14. Qc2 h5
15. g6 f5 16. e3 Ndf6 17. Ng5 cxd4 18. exd4 Nxg5 19. Bxg5 Bxg2 20. Rxg2 Qc6 21.
Rgg1 Qf3 22. Qb3 Qxb3 23. axb3 Ne4 24. Bh4 Rac8 25. f3 Nf6 26. Re1 Rfe8 27. Kd2
Nd7 28. Rhg1 e5 29. d5 e4 30. fxe4 Ne5 31. Rgf1 fxe4 32. Rxe4 Nf3+ 33. Rxf3
Rxe4 34. Bg3 Rd8 35. Re3 Rxe3 36. Kxe3 Kf8 37. Kf4 Ke8 38. Kg5 Kd7 39. Kxh5 Rf8
40. Be1 Ke7 41. h4 Rf1 42. Bc3 Kf8 43. Kg5 Rf2 44. h5 Rf1 45. Bd4 Rd1 46. Bc3
Rf1 47. Kg4 1/2-1/2

[Event "OLSW 1819 SC Turm Winterbach - SK Frank"]
[Site "?"]
[Date "2018.11.11"]
[Round "2.5"]
[White "Syska, Albert"]
[Black "Sahm, Philipp"]
[Result "1-0"]
[WhiteElo "2214"]
[BlackElo "2053"]
[PlyCount "81"]
[EventDate "2018.??.??"]

1. e4 c5 2. Nc3 g6 3. g3 Bg7 4. Bg2 Nc6 5. f4 d6 6. Nf3 f5 7. d3 Nh6 8. O-O O-O
9. Re1 a6 10. Nd5 Rb8 11. a4 Ng4 12. c3 e6 13. Ne3 e5 14. Nd5 h6 15. h3 Nf6 16.
fxe5 dxe5 17. Be3 fxe4 18. Nxf6+ Qxf6 19. dxe4 Bxh3 20. Bxh3 Qxf3 21. Qxf3 Rxf3
22. Kg2 Rf6 23. Bxc5 b6 24. Be3 Na5 25. Rad1 Nc4 26. Bc1 Rbf8 27. Re2 Nd6 28.
Bd7 Nb7 29. b4 Rf3 30. Be3 a5 31. Bc6 Nd8 32. Bd5+ Kh7 33. Bxb6 Rxc3 34. Bxa5
Rff3 35. Bxd8 Rxg3+ 36. Kh1 g5 37. Be6 Bf8 38. Bf6 g4 39. Bxe5 Rh3+ 40. Rh2 h5
41. Bxc3 1-0

[Event "OLSW 1819 SC Turm Winterbach - SK Frank"]
[Site "?"]
[Date "2018.11.11"]
[Round "2.6"]
[White "Robert, Josef"]
[Black "Kargoll, Peter"]
[Result "1/2-1/2"]
[WhiteElo "1947"]
[BlackElo "2163"]
[PlyCount "90"]
[EventDate "2018.??.??"]

1. d4 d5 2. Bf4 c5 3. e3 Nf6 4. c3 Qb6 5. Qc1 Bf5 6. Nf3 Nc6 7. Be2 e6 8. O-O
Be7 9. Nh4 Be4 10. Nd2 h6 11. Nhf3 Bh7 12. h3 O-O 13. Ne5 Nxe5 14. Bxe5 Rac8
15. dxc5 Qxc5 16. Nb3 Qb6 17. Qd2 Nd7 18. Bg3 Bf6 19. Bd3 Bxd3 20. Qxd3 Rfd8
21. Rab1 Nc5 22. Nxc5 Rxc5 23. Qe2 Rc4 24. Rfd1 a5 25. Kh2 Rdc8 26. f3 Qc6 27.
Rd2 b5 28. a3 h5 29. f4 g6 30. Bf2 Re4 31. g4 hxg4 32. hxg4 g5 33. Qf3 Kg7 34.
Kg2 Rh8 35. Rh1 Rxh1 36. Kxh1 Qc4 37. Bg3 Qc5 38. fxg5 Bxg5 39. Rf2 f6 40. Bf4
Bxf4 41. exf4 Re3 42. Qg2 Qc4 43. Kh2 Qe4 44. Qxe4 Rxe4 45. Kg3 Re3+ 1/2-1/2

[Event "OLSW 1819 SC Turm Winterbach - SK Frank"]
[Site "?"]
[Date "2018.11.11"]
[Round "2.7"]
[White "Johann, Christof"]
[Black "Schuetz, Thomas"]
[Result "1-0"]
[WhiteElo "2173"]
[BlackElo "1898"]
[PlyCount "69"]
[EventDate "2018.??.??"]

1. e4 Nc6 2. Nf3 d6 3. d4 g6 4. Nc3 Bg7 5. Be3 a6 6. a4 Bg4 7. Be2 Bxf3 8. Bxf3
e5 9. dxe5 Nxe5 10. Be2 Ne7 11. O-O O-O 12. f4 N5c6 13. Qd2 f5 14. Kh1 fxe4 15.
Nxe4 Nf5 16. Bc4+ Kh8 17. Bg1 Qh4 18. Bf2 Qh6 19. Ng5 Rad8 20. Ne6 Ne5 21. Be2
Nd7 22. Nxd8 Rxd8 23. c3 Rf8 24. Rad1 Nc5 25. Bf3 Nxa4 26. Rfe1 Nc5 27. Kg1 b6
28. Re2 Nd7 29. Rde1 Bf6 30. Re8 Kg7 31. Rxf8 Nxf8 32. Bb7 a5 33. g4 Be5 34.
gxf5 Bxf4 35. Qd4+ 1-0

[Event "OLSW 1819 SK Gau-Algesheim - Gambit Saa"]
[Site "?"]
[Date "2018.11.11"]
[Round "2.1"]
[White "Muller, Etienne"]
[Black "Ovsejevitsch, Sergei"]
[Result "0-1"]
[WhiteElo "2126"]
[BlackElo "2601"]
[PlyCount "84"]
[EventDate "2018.??.??"]

1. e4 c5 2. Nf3 d6 3. d4 cxd4 4. Nxd4 Nf6 5. Nc3 Nc6 6. Bg5 e6 7. Qd2 a6 8.
O-O-O Bd7 9. f4 h6 10. Bxf6 Qxf6 11. Nf3 Qd8 12. f5 Qc7 13. g4 O-O-O 14. fxe6
fxe6 15. h4 Ne5 16. Nxe5 dxe5 17. Qd3 Be7 18. Qc4 Qxc4 19. Bxc4 Rhf8 20. Rdg1
b5 21. Bd3 Kc7 22. g5 hxg5 23. hxg5 Rh8 24. Rxh8 Rxh8 25. Be2 Rh2 26. Kd1 Bc5
27. Rg3 b4 28. Bxa6 bxc3 29. Rxc3 Kb6 30. Bd3 Be8 31. Rb3+ Kc7 32. Ba6 Bc6 33.
Bd3 Bd4 34. Rb4 Be3 35. Rc4 Kd6 36. a4 Be8 37. Rc8 Bh5+ 38. Ke1 Rh1+ 39. Bf1
Rh2 40. Bb5 Bxg5 41. a5 Bh4+ 42. Kf1 Bf3 0-1

[Event "OLSW 1819 SK Gau-Algesheim - Gambit Saa"]
[Site "?"]
[Date "2018.11.11"]
[Round "2.2"]
[White "Karsay, Pascal"]
[Black "Erhardt, Michael"]
[Result "1-0"]
[WhiteElo "2265"]
[BlackElo "2105"]
[PlyCount "65"]
[EventDate "2018.??.??"]

1. Nf3 Nf6 2. g3 d5 3. Bg2 c6 4. O-O Bg4 5. c4 e6 6. cxd5 exd5 7. d3 Be7 8. Qb3
Qb6 9. Qc2 Nbd7 10. Nc3 O-O 11. e4 dxe4 12. dxe4 Rfe8 13. Be3 Qa5 14. h3 Bxf3
15. Bxf3 Rac8 16. Rad1 Nf8 17. Qb3 b5 18. e5 N6d7 19. e6 Ne5 20. exf7+ Nxf7 21.
Rfe1 Qc7 22. Bf4 Qb7 23. Re5 a6 24. Ne4 Ng6 25. Rf5 Bf8 26. Ng5 Re7 27. Bg4
Rce8 28. Rxf7 Rxf7 29. Be6 Rxe6 30. Qxe6 Nxf4 31. gxf4 h6 32. Nxf7 Qxf7 33. f5
1-0